| 000 | 00411 a2200157 4500 | ||
|---|---|---|---|
| 020 | _a9788188803170 | ||
| 082 |
_aH506 _bREN/T |
||
| 100 |
_aRenuka Nair _9111096 |
||
| 245 |
_aTapti Pagadandiyon ke raahi/ _cby Renuka Nair |
||
| 260 |
_bAadhar, _aHaryana: _c2010. |
||
| 300 | _a132p. | ||
| 650 |
_aInterviews Hindi _9111097 |
||
| 650 |
_aLiterature Hindi _9111098 |
||
| 650 |
_aLiterature _9111099 |
||
| 942 | _cBK | ||
| 999 |
_c139824 _d139824 |
||